The new world of the information society : proceedings of the Seventh International Conference on Computer Communication, Sydney, Australia, 30 October-2 November 1984 /

Bibliographic Details
Corporate Authors: International Conference on Computer Communication Sydney, N.S.W., International Council for Computer Communication
Other Authors: Bennett, John M. (John Makepeace), 1921-, Pearcey, T. (Trevor), 1919-1998
Format: Conference Proceeding Book
Language:English
Published: Amsterdam ; New York : North-Holland ; 1985.
Subjects:

MARC

Tag First Indicator Second Indicator Subfields
LEADER 00000pam a2200000 a 4500
001 in00000383621
005 20151011112528.0
008 850322s1985 ne a b 10110 eng
010 |a  85007700  
020 |a 0444876499 (U.S.) 
035 |a (OCoLC)11973100 
035 |9 ABR8495AM 
039 0 |a 2  |b 3  |c 3  |d 3  |e 3 
040 |a DLC  |c DLC  |d TXA  |d UtOrBLW 
049 |a TXAM  |c [A08590153] 
050 0 0 |a TK5105.5  |b .I57 1984 
082 0 |a 001.64/404  |2 19 
111 2 |a International Conference on Computer Communication  |n (7th :  |d 1984 :  |c Sydney, N.S.W.) 
245 1 4 |a The new world of the information society :  |b proceedings of the Seventh International Conference on Computer Communication, Sydney, Australia, 30 October-2 November 1984 /  |c edited by J.M. Bennett and T. Pearcey ; sponsored by the International Council for Computer Communication. 
264 1 |a Amsterdam ;  |a New York :  |b North-Holland ;  |c 1985. 
264 2 |a New York, N.Y., U.S.A. :  |b Sole distributors for the U.S.A. and Canada, Elsevier Science Pub. Co., 
300 |a xxxviii, 886 pages :  |b illustrations ;  |c 31 cm. 
336 |a text  |b txt  |2 rdacontent 
337 |a unmediated  |b n  |2 rdamedia 
338 |a volume  |b nc  |2 rdacarrier 
504 |a Includes bibliographies and index. 
650 0 |a Computer networks  |v Congresses. 
650 0 |a Data transmission systems  |v Congresses. 
700 1 |a Bennett, John M.  |q (John Makepeace),  |d 1921- 
700 1 |a Pearcey, T.  |q (Trevor),  |d 1919-1998. 
710 2 |a International Council for Computer Communication. 
999 |a MARS 
999 f f |s 0a04f8fb-6a0b-33eb-ae92-97f4e5ed9e75  |i be5bf289-4837-30f8-9c66-63d22c08e4a5  |t 0 
952 f f |p ric  |a Texas A&M University  |b Rellis Campus  |c Joint Library Facility  |d Remote Storage  |t 0  |e TK5105.5 .I57 1984  |h Library of Congress classification  |i unmediated -- volume  |m A14808590153 
998 f f |a TK5105.5 .I57 1984  |t 0  |l Remote Storage